Geography containing UA-UZ - Statistics

General Stats
  • This quiz has been taken 6 times
  • The average score is 11 of 26
Answer Stats
Contains: Clue Answer % Correct
UD Antigua's smaller companion (7) Barbuda
100%
UE The Argentine capital (11) Buenos Aires
100%
UA Country bordering Belize, El Salvador and Mexico (9 letters) Guatemala
100%
UI West African nation (6) Guinea
100%
UW City and state on the Persian Gulf (6) Kuwait
100%
UY Land of jungle (6) Guyana
80%
UV Nation one might see on the TV (6) Tuvalu
80%
UJ There is a clue to this Romanian city's name (4) Cluj
60%
UK Loaf around with a UN delegation at Tongan capital (9) Nuku'Alofa
60%
UO Have a cousin in a village of San Marino, meaning "New church" (11) Chiesanuova
40%
UB Northern Texan city where Blackfoot leader is held in a lock (7) Lubbock
40%
UP Tungsten plater gets disoriented in part of Germany's Ruhr metropolis (9) Wuppertal
40%
UU Lagoon in Micronesia that's only a stone's throw away (5) Chuuk
20%
UC Circular section cut out of a chicken at meadow in Sussex town (9) Cuckfield
20%
UX Vexed users in Western French département, with its HQ at Niort (10) Deux-Sèvres
20%
UR Town in Mauritius where there's a remedy for drain issues (8) Curepipe
20%
UQ Reggae variant and novel heard in city of Iowa (7) Dubuque
20%
UN Ski station in Liechtenstein with a badly-baked cupcake (6) Malbun
20%
UH Spoil an Iraq beheading in city of Bahrain (8) Muharraq
20%
UM Town in Gabon built on a complex mount (5) Ntoum
20%
UL I leave town in Andorra, whose name means "St. Julie of " and a place where we look and see the wind changing direction (16) Sant Julià de Lòria
20%
UF Volcano on St. Vincent, suddenly erupting, fries Euro, who is taken to a town on St. Lucia of the same name (9) Soufriere
20%
US Tunisian city that's so set back from the east coast (6) Sousse
20%
UG Deposited capital for Joanne where, in Benin, this city is located (7) Djougou
0%
UZ Green connection to Swiss town of the cross (11) Kreuzlingen
0%
UT Town of the Comoros where muscle-wasting condition and area of dirt will be the end of you (9) Mutsamudu
0%
No matching quizzes found
Score Distribution
Percent of People with Each Score
Percentile by Number Answered
Your Score History
You have not taken this quiz